000 01417nam a22002537a 4500
005 20080616160317.0
008 080616t xxu||||| |||| 00| 0 hin d
010 _aHIN-83515
020 _c550.00
_a9788175413375
035 _aHN-55861
037 _bDBAD / PUB
040 _aDPL
_bHN
082 _a370.114 / जैश्रीमू
100 _aजैश्री
245 _aमूल्य, पर्यावरण और मानव अधिकार की शिक्षा /
_cजैश्री
246 _aMulya, paryavarn aur manav adhikar kee shiksha
_bJaisree
250 _a2रा संस्क
260 _aदिल्ली
_bशिप्रा पब्लिकेशन्स
_c2007
270 _a115-ए, विकास मार्ग, शंकरपुर
_bदिल्ली
_e110092
_k91 11 65277210, 22500954
_l22458662
_minfo@shiprapublication.com
300 _a112पृ
_c22सेमी(सजिल्द)
500 _aइस पुस्तक का पहला संस्करण 21.5.07 को प्राप्त हुआ ।
942 _cHN
_2ddc
_h370.114
_m जैश्रीमू
999 _c13722
_d13722